[Event "Moscow TV"]
[Site "Moscow"]
[Date "1987.??.??"]
[Round "?"]
[White "Kholmov, Ratmir D"]
[Black "Khalifman, Alexander"]
[Result "0-1"]
[WhiteElo "2430"]
[BlackElo "2515"]

1.e4 c5 2.Nf3 d6 3.d4 cxd4 4.Nxd4 Nf6 5.Nc3 Nc6 6.Bg5 e6 7.Qd2 Be7 8.O-O-O O-O
9.f4 h6 10.Bh4 e5 11.Nf5 Bxf5 12.exf5 exf4 13.Kb1 d5 14.Bxf6 Bxf6 15.Nxd5 Be5
16.Bc4 b5 17.Bxb5 Rb8 18.c4 Nd4 19.Rhe1 f6 20.a4 a6 21.Bxa6 Rb3 22.Bb5 Qa8
23.Qxd4 Bxd4 24.Rxd4 f3 25.gxf3 Qa7 26.Rd2 Rxf3 27.Rg2 Qd4 28.Ka2 Rf2 29.Rxf2 Qxf2
30.Rc1 Kh7 31.c5 Qd2  0-1

[Event "Moscow-B"]
[Site "Moscow"]
[Date "1987.??.??"]
[Round "?"]
[White "Khalifman, Alexander"]
[Black "Foisor, Ovidiu"]
[Result "1/2-1/2"]
[WhiteElo "2515"]
[BlackElo "2495"]

1.d4 Nf6 2.Nf3 e6 3.c4 c5 4.Nc3 cxd4 5.Nxd4 a6 6.e4 Bb4 7.Bd3 Nc6 8.Nxc6 dxc6
9.O-O e5 10.Ne2 Bc5 11.a3 a5 12.Rb1 Bg4 13.b4 axb4 14.axb4 Bd4 15.h3 Bxe2
16.Qxe2 h6 17.c5 O-O 18.Bc4 Qe7 19.Kh1 Ra4 20.Bd2 Rfa8 21.Bb3 Ra1 22.Rxa1  1/2-1/2

[Event "Moscow-B"]
[Site "Moscow"]
[Date "1987.??.??"]
[Round "?"]
[White "Khalifman, Alexander"]
[Black "Petrosian, Arshak B"]
[Result "1-0"]
[WhiteElo "2515"]
[BlackElo "2495"]

1.d4 d5 2.c4 e6 3.Nf3 Nf6 4.g3 dxc4 5.Bg2 a6 6.O-O Nc6 7.e3 Bd7 8.Nc3 Nd5
9.Qe2 Nxc3 10.bxc3 Bd6 11.Rd1 b5 12.Ne5 Bxe5 13.dxe5 Nxe5 14.Qh5 Nd3 15.Ba3 Rb8
16.Be4 b4 17.Bxb4 Nxb4 18.cxb4 Rb5 19.Qe2 Qb8 20.a3 c5 21.Qxc4 Qc7 22.Rac1 O-O
23.bxc5 Bc6 24.Bxc6 Qxc6 25.Rd6 Qf3 26.c6 g5 27.c7 Rb2 28.Qf1 Qb7 29.Rd8  1-0

[Event "Moscow-B"]
[Site "Moscow"]
[Date "1987.??.??"]
[Round "?"]
[White "Khalifman, Alexander"]
[Black "Sveshnikov, Evgeny"]
[Result "1/2-1/2"]
[WhiteElo "2515"]
[BlackElo "2535"]

1.d4 d5 2.c4 e6 3.Nf3 Nf6 4.Nc3 c6 5.g3 dxc4 6.Bg2 b5 7.Bg5 Nbd7 8.Ne5 Nxe5
9.Bxf6 gxf6 10.dxe5 Bd7 11.exf6 Qxf6 12.O-O Rd8 13.a4 Bg7 14.axb5 cxb5 15.Rxa7 b4
16.Ne4 Qd4 17.Qxd4 Bxd4 18.Rb7 O-O 19.Rxb4 Bc6 20.Rc1 Bxe4 21.Bxe4 Rb8 22.Bb7 Rfc8
23.b3 Rc7 24.Rcxc4 Rcxb7 25.Rxb7 Rxb7 26.Rxd4 Rxb3 27.Ra4 Rb2 28.e3 Kg7 29.Ra5 Rb4
30.h3 Kg6 31.g4 Rb1+ 32.Kg2 Rb2 33.Kg3 Rb1 34.Kg2 Rb2 35.Kg3 Rb1 36.h4 h6
37.Rc5 Kf6 38.Kg2 Kg6 39.Kf3 Rh1 40.Kg3 Rg1+ 41.Kf4 Rh1 42.h5+ Kf6 43.e4 Rh3
44.f3 Kg7 45.Rc3 Kf6 46.e5+ Kg7 47.Ke4 Rh1 48.Re3 Rg1 49.Re2 Kf8 50.Ke3 Rf1
51.f4 Rg1 52.Kf3 Rf1+ 53.Rf2 Re1 54.Ra2 Rf1+ 55.Kg3 Rg1+ 56.Kh3 Rf1 57.Ra8+ Kg7
58.Ra4 Re1 59.Rd4 Rg1 60.Re4 Kf8 61.Rb4 Re1 62.Kg2 Kg7 63.Kf2 Rh1 64.Rb5 Rh4
65.Kf3 Rh3+ 66.Kg2 Rh4 67.Kg3 Rh1 68.Rb7 Rg1+ 69.Kf3 Rf1+ 70.Ke3 Re1+ 71.Kf2 Re4
72.Kf3 Re1 73.Rb4 Rh1 74.Re4 Rh3+ 75.Kg2 Rh4 76.Kg3 Rh1 77.Re2 Rg1+ 78.Kf3 Rf1+
79.Rf2 Rh1 80.Kg2 Re1 81.Rf1 Re3 82.Ra1 Re2+ 83.Kf3 Rh2 84.Kg3 Re2 85.Ra5 Re3+
86.Kg2 Re2+ 87.Kf3 Rh2 88.Ra1 Rh3+ 89.Kg2 Re3 90.Kf2 Rh3 91.Re1 Kf8 92.Kg2 Ra3
93.Re2 Rb3  1/2-1/2

[Event "Moscow-B"]
[Site "Moscow"]
[Date "1987.??.??"]
[Round "?"]
[White "Davies, Nigel R"]
[Black "Khalifman, Alexander"]
[Result "1/2-1/2"]
[WhiteElo "2420"]
[BlackElo "2515"]

1.e4 e6 2.d4 d5 3.Nc3 Nf6 4.Bg5 Be7 5.e5 Nfd7 6.Bxe7 Qxe7 7.f4 O-O 8.Nf3 c5
9.dxc5 Qxc5 10.Qd4 b6 11.Bb5 f6 12.exf6  1/2-1/2

[Event "Moscow-B"]
[Site "Moscow"]
[Date "1987.??.??"]
[Round "?"]
[White "Casper, Thomas"]
[Black "Khalifman, Alexander"]
[Result "1/2-1/2"]
[WhiteElo "2430"]
[BlackElo "2515"]

1.e4 e5 2.Bc4 Nf6 3.d3 Nc6 4.Nc3 Na5 5.Bb3 Nxb3 6.axb3 d5 7.Nf3 dxe4 8.Nxe5 exd3
9.Qxd3 Qxd3 10.Nxd3 Bf5 11.Nb5 Bd6 12.Nxd6+ cxd6 13.Be3 Bxd3 14.cxd3 Nd5
15.Ra5 Nb4 16.Rb5 Nc2+  1/2-1/2

[Event "Moscow-B"]
[Site "Moscow"]
[Date "1987.??.??"]
[Round "?"]
[White "Belov, Igor"]
[Black "Khalifman, Alexander"]
[Result "1/2-1/2"]
[WhiteElo "2405"]
[BlackElo "2515"]

1.Nf3 Nf6 2.c4 c6 3.d4 d5 4.cxd5 cxd5 5.Nc3 Nc6 6.Bf4 Bf5 7.e3 e6 8.Qb3 Bb4
9.Bb5 O-O 10.O-O Bxc3 11.Bxc6 Bxb2 12.Bxb7 Bxa1 13.Rxa1  1/2-1/2

[Event "Moscow TV"]
[Site "Moscow"]
[Date "1987.??.??"]
[Round "?"]
[White "Khalifman, Alexander"]
[Black "Gurevich, Mikhail"]
[Result "1-0"]
[WhiteElo "2515"]
[BlackElo "2540"]

1.e4 e6 2.d4 d5 3.Nc3 Nf6 4.Bg5 Be7 5.e5 Nfd7 6.h4 a6 7.Qg4 Bxg5 8.hxg5 c5
9.g6 f5 10.Qg3 h6 11.Nf3 O-O 12.O-O-O Nc6 13.Ne2 cxd4 14.Nexd4 f4 15.Nxc6 bxc6
16.Qh4 Qxh4 17.Rxh4 c5 18.c3 a5 19.c4 Nb6 20.cxd5 exd5 21.Bd3 Ba6 22.Bxa6 Rxa6
23.e6 Ra7 24.Rh5 Re7 25.Re5 Rf6 26.Rde1 Rxg6 27.Nh4 Rf6 28.Nf5 Re8 29.Nd6 Re7
30.Nf5 Kf8 31.Nxe7 Kxe7 32.b3 g6 33.Kd2 Rf8 34.Ke2 a4 35.Kf3 axb3 36.axb3 Ra8
37.Rh1 Kf6 38.Re2 h5 39.e7 Re8 40.Rhe1 Nc8 41.Re6+ Kf7 42.Kxf4 Rxe7 43.Rxe7+ Nxe7
44.Ke5 c4 45.b4 Nc6+ 46.Kxd5 Nxb4+ 47.Kxc4 Nc6 48.Kd5 Nb4+ 49.Ke4 Nc6 50.Rc1 Nd8
51.Ke5 Ne6 52.Rc6 Ng5 53.Rc7+ Ke8 54.f3 h4 55.Kf6 h3 56.Kxg5 h2 57.Rc1  1-0

[Event "Moscow-B"]
[Site "Moscow"]
[Date "1987.??.??"]
[Round "?"]
[White "Khalifman, Alexander"]
[Black "Anand, Viswanathan"]
[Result "0-1"]
[WhiteElo "2515"]
[BlackElo "2500"]

1.d4 Nf6 2.Nf3 e6 3.c4 b6 4.Nc3 Bb7 5.a3 d5 6.cxd5 Nxd5 7.Qc2 Nxc3 8.bxc3 c5
9.e4 Nd7 10.Bf4 cxd4 11.cxd4 Rc8 12.Qb3 Be7 13.Bd3 Nf6 14.Bb5+ Kf8 15.O-O Nxe4
16.Rac1 g5 17.Rxc8 Bxc8 18.Bc1 Kg7 19.Bc6 Nd6 20.Bb2 Bf6 21.Nxg5 Bxg5 22.d5+ Kg6
23.Qd3+ f5 24.dxe6 Rf8 25.Be5 Nf7 26.Qg3 Nxe5 27.Qxe5 Qf6 28.Qg3 f4 29.Qd3+ Kg7
30.Bd7 Kh8 31.Qd5 Ba6 32.Re1 Qg7 33.a4 Be7 34.Qe4 f3 35.g3 Be2 36.Bb5 Bxb5
37.axb5 Bc5 38.e7 Re8 39.Qxf3 Rxe7 40.Rd1 Rf7 41.Rd8+ Rf8 42.Rxf8+ Qxf8 43.Qe2 Qe7
44.Qb2+ Kg8 45.Qb3+ Qf7 46.Qb2 Qf3 47.Qd2 Kf7 48.Qd7+ Kf6 49.Qd8+ Ke5 50.Qb8+ Kf6
51.Qh8+ Kg6 52.Qg8+ Kh6 53.Qe6+ Kg7 54.Qd7+ Qf7 55.Qg4+ Kf6 56.Qf3+ Ke6 57.Qe2+ Kd6
58.Qd3+ Kc7 59.Qe2 Qd5 60.Qc2 Qd7 61.Qc4 Kb8 62.Kg2 a5 63.bxa6 Ka7 64.h4 Qc6+
65.f3 Qd7 66.h5 Be3 67.f4 b5 68.Qe4 Bc5 69.f5 Kxa6 70.f6 Qb7 71.Kf3 b4 72.Qxb7+ Kxb7
73.Ke4 Kc6 74.g4 Kd7 75.g5 Ke6 76.h6 Kf7  0-1

[Event "URS-FL"]
[Site "Sverdlovsk"]
[Date "1987.??.??"]
[Round "?"]
[White "Khalifman, Alexander"]
[Black "Pigusov, Evgeny"]
[Result "1-0"]
[WhiteElo "2515"]
[BlackElo "2520"]

1.e4 c5 2.Nf3 d6 3.d4 cxd4 4.Nxd4 Nf6 5.Nc3 a6 6.Be2 e5 7.Nb3 Be7 8.O-O O-O
9.Be3 Be6 10.Qd2 Nbd7 11.a4 Rc8 12.a5 Qc7 13.Rfd1 Rfd8 14.Qe1 h6 15.Rd2 Qc6
16.Bf3 Qc7 17.Nc1 b5 18.axb6 Nxb6 19.Rxa6 Nc4 20.Ra7 Qb8 21.Rxe7 Nxd2 22.Bxd2 Qxb2
23.Ra7 Rd7 24.Ra6 Rdc7 25.Nd1 Qxc2 26.Rxd6 Qb1 27.Nc3 Qb4 28.Rd3 Qb2 29.h3 Bc4
30.Nd1 Qb1 31.Rc3 Ba6 32.Rb3 Qa1 33.Nc3 Bb7 34.Rb1 Qa8 35.Nd3 Rd8 36.Nxe5 Re8
37.Ra1 Qc8 38.Ng4 Nxe4 39.Nxe4 Bxe4  1-0

[Event "URS-FL"]
[Site "Sverdlovsk"]
[Date "1987.??.??"]
[Round "?"]
[White "Gelfand, Boris"]
[Black "Khalifman, Alexander"]
[Result "1/2-1/2"]
[WhiteElo "2510"]
[BlackElo "2515"]

1.d4 d5 2.c4 c6 3.Nc3 Nf6 4.e3 g6 5.Nf3 Bg7 6.Bd3 O-O 7.O-O Bg4 8.h3 Bxf3
9.Qxf3 Qb6 10.Rd1 Nbd7 11.Bd2 dxc4 12.Bxc4 e5 13.Be1 exd4 14.Rxd4 Qc7 15.Qe2 b5
16.Bb3 c5 17.Rdd1  1/2-1/2

[Event "URS-FL"]
[Site "Sverdlovsk"]
[Date "1987.??.??"]
[Round "?"]
[White "Khalifman, Alexander"]
[Black "Huzman, Alexander"]
[Result "1/2-1/2"]
[WhiteElo "2515"]
[BlackElo "2500"]

1.e4 e6 2.d4 d5 3.Nc3 Bb4 4.e5 c5 5.a3 Bxc3+ 6.bxc3 Ne7 7.Qg4 O-O 8.Nf3 Nbc6
9.Bd3 f5 10.exf6 Rxf6 11.Bg5 Rf7 12.Bxe7 Rxe7 13.Qh4 g6 14.O-O c4 15.Be2 Bd7
16.Rfe1 Qa5 17.Ne5 Rae8 18.Nxd7 Rxd7 19.Qh3 Rde7 20.Bg4 Nd8 21.f4 Qa4 22.Ra2 Qc6
23.Qe3 Nf7 24.Qh3 Nd8 25.Raa1 Qa4 26.Ra2  1/2-1/2

[Event "URS-FL"]
[Site "Sverdlovsk"]
[Date "1987.??.??"]
[Round "?"]
[White "Khalifman, Alexander"]
[Black "Kharitonov, Andrei Y"]
[Result "1/2-1/2"]
[WhiteElo "2515"]
[BlackElo "2450"]

1.e4 c6 2.d4 d5 3.Nc3 dxe4 4.Nxe4 Bf5 5.Ng3 Bg6 6.N1e2 Nf6 7.Nf4 e5 8.Nxg6 hxg6
9.dxe5 Qa5+ 10.Bd2 Qxe5+ 11.Qe2 Qxe2+ 12.Bxe2 Bc5 13.h3 Nbd7 14.Rf1 O-O-O
15.O-O-O Nb6 16.Bd3  1/2-1/2

[Event "URS-FL"]
[Site "Sverdlovsk"]
[Date "1987.??.??"]
[Round "?"]
[White "Dokhoian, Yury"]
[Black "Khalifman, Alexander"]
[Result "1/2-1/2"]
[WhiteElo "2525"]
[BlackElo "2515"]

1.d4 d5 2.c4 e6 3.Nf3 Nf6 4.Nc3 Be7 5.Bg5 h6 6.Bxf6 Bxf6 7.e3 O-O 8.Rc1 c6
9.Bd3 Nd7 10.O-O dxc4 11.Bxc4 e5 12.Ne4 exd4 13.Nxf6+ Nxf6 14.Qxd4 Qxd4 15.Nxd4 Re8
16.Rfd1 Bd7 17.Kf1 Rad8 18.b4 Kf8 19.Ke2 Bc8  1/2-1/2

[Event "URS-FL"]
[Site "Sverdlovsk"]
[Date "1987.??.??"]
[Round "?"]
[White "Khalifman, Alexander"]
[Black "Psakhis, Lev"]
[Result "1/2-1/2"]
[WhiteElo "2515"]
[BlackElo "2575"]

1.d4 Nf6 2.c4 e6 3.Nf3 c5 4.d5 d6 5.Nc3 exd5 6.cxd5 g6 7.Bf4 a6 8.e4 Bg7
9.Qa4+ Bd7 10.Qb3 Qe7 11.Be2 b5 12.O-O O-O 13.e5 dxe5 14.Nxe5 Bf5 15.Bf3 c4
16.Qd1 Qb4 17.Qd2 Nbd7 18.Nc6 Qc5 19.Be3 Qd6 20.Bf4 Qc5 21.d6 Rae8 22.Be3 Rxe3
23.Qxe3 Qxe3 24.fxe3 Bd3 25.Rfe1 Ne8 26.Nb4 Nc5 27.Rad1 Nxd6 28.Be2 Bxc3
29.bxc3 Nde4 30.Bxd3 cxd3 31.Nxd3 Na4 32.Nb4 Naxc3 33.Rd4 a5 34.Nd5 b4 35.Kf1 Kg7
36.a3 Nxd5 37.Rxe4 bxa3 38.Ra4 Nb4 39.Rxa5 a2 40.Rc1 Rd8 41.Ke2  1/2-1/2

[Event "URS-FL"]
[Site "Sverdlovsk"]
[Date "1987.??.??"]
[Round "?"]
[White "Khalifman, Alexander"]
[Black "Timoshchenko, Gennadi A"]
[Result "1-0"]
[WhiteElo "2515"]
[BlackElo "2490"]

1.d4 e6 2.c4 Bb4+ 3.Bd2 Qe7 4.g3 Nf6 5.Nf3 O-O 6.Bg2 Bxd2+ 7.Qxd2 d5 8.O-O Rd8
9.Qc2 Nc6 10.Rd1 Nb4 11.Qb3 dxc4 12.Qxc4 c5 13.a3 Na6 14.Nc3 Bd7 15.Ne5 Be8
16.dxc5 Nxc5 17.b4 Na6 18.Rxd8 Rxd8 19.Rb1 Kf8 20.a4 Nb8 21.a5 b6 22.axb6 axb6
23.b5 Nd5 24.Nxd5 exd5 25.Qd4 Qc5 26.Qh4 f6 27.Nd3 Qc2 28.Qb4+ Kg8 29.Rc1 Qxe2
30.Nf4 Qxb5 31.Qe7 Nc6 32.Rxc6 Bxc6 33.Qxd8+ Kf7 34.Qc7+ Bd7 35.Bxd5+ Ke7
36.Ba2  1-0

[Event "URS-FL"]
[Site "Sverdlovsk"]
[Date "1987.??.??"]
[Round "?"]
[White "Loginov, Valery A"]
[Black "Khalifman, Alexander"]
[Result "1/2-1/2"]
[WhiteElo "2355"]
[BlackElo "2515"]

1.Nf3 Nf6 2.c4 c6 3.d4 d5 4.Nc3 dxc4 5.a4 Bf5 6.e3 e6 7.Bxc4 Bb4 8.O-O Nbd7
9.Qe2 Bg6 10.e4 O-O 11.Bd3 Bh5 12.Bf4 Re8 13.h3 Bxf3 14.Qxf3 e5 15.dxe5 Nxe5
16.Bxe5 Rxe5 17.Qg3 Qe7 18.f4 Bxc3 19.bxc3 Nxe4 20.Qe3 Re6 21.Bc4 Ng3 22.Bxe6 Nxf1
23.Bxf7+ Kxf7 24.Qxe7+ Kxe7 25.Kxf1 Rf8 26.g3 Rf5  1/2-1/2

[Event "URS-FL"]
[Site "Sverdlovsk"]
[Date "1987.??.??"]
[Round "?"]
[White "Rashkovsky, Nukhim N"]
[Black "Khalifman, Alexander"]
[Result "1/2-1/2"]
[WhiteElo "2495"]
[BlackElo "2515"]

1.d4 d5 2.c4 c6 3.cxd5 cxd5 4.Nc3 Nf6 5.Nf3 Nc6 6.Bf4 Bf5 7.e3 e6 8.Bd3 Bxd3
9.Qxd3 Bd6 10.Bxd6 Qxd6 11.O-O O-O 12.Rfc1 Rfc8 13.h3 h6 14.Ne2 Na5 15.Rxc8+ Rxc8
16.Rc1  1/2-1/2

[Event "URS-FL"]
[Site "Sverdlovsk"]
[Date "1987.??.??"]
[Round "?"]
[White "Tukmakov, Vladimir B"]
[Black "Khalifman, Alexander"]
[Result "1/2-1/2"]
[WhiteElo "2580"]
[BlackElo "2515"]

1.d4 Nf6 2.c4 e6 3.Nf3 d5 4.Nc3 Be7 5.Bg5 h6 6.Bh4 O-O 7.e3 b6 8.Rc1 Bb7
9.Be2 dxc4 10.Bxc4 Nbd7 11.O-O c5 12.Qe2 a6 13.a4 cxd4 14.Nxd4 Nc5 15.Rfd1 Qe8
16.b3 Nfe4 17.Nxe4 Nxe4 18.Bxe7  1/2-1/2

[Event "Armed Forces-ch "]
[Site "Sverdlovsk"]
[Date "1987.??.??"]
[Round "?"]
[White "Khalifman, Alexander"]
[Black "Lputian, Smbat G"]
[Result "1/2-1/2"]
[WhiteElo "2515"]
[BlackElo "2500"]

1.d4 e6 2.Nf3 d5 3.c4 c5 4.cxd5 exd5 5.g3 Nc6 6.Bg2 Nf6 7.O-O Be7 8.Nc3 O-O
9.Bg5 c4 10.Ne5 Be6 11.e3 Nd7 12.Nxc6 bxc6 13.Bxe7 Qxe7 14.Na4 Rab8 15.b3 Rfc8
16.bxc4 Qa3 17.Qc2 c5 18.Nc3 cxd4 19.Nxd5 Rb2 20.Qe4 d3 21.Qd4 Rc2 22.Nf4 R8xc4
23.Qxd3 Qxd3 24.Nxd3 g5 25.Rfc1  1/2-1/2

[Event "Tashkent"]
[Site "Tashkent"]
[Date "1987.??.??"]
[Round "?"]
[White "Kuzmin, Gennadi P"]
[Black "Khalifman, Alexander"]
[Result "1/2-1/2"]
[WhiteElo "2470"]
[BlackElo "2520"]

1.e4 c5 2.Nf3 d6 3.d4 Nf6 4.Nc3 cxd4 5.Nxd4 Nc6 6.Be2 e5 7.Nf3 h6 8.O-O Be7
9.Re1 O-O 10.h3 Be6 11.Bf1 Qa5 12.Bd2 Qd8 13.Bc1 Qa5 14.Bd2 Qd8 15.Bc1  1/2-1/2

[Event "URS Army-ch"]
[Site "Tashkent"]
[Date "1987.??.??"]
[Round "?"]
[White "Timoshchenko, Gennadi A"]
[Black "Khalifman, Alexander"]
[Result "0-1"]
[WhiteElo "2495"]
[BlackElo "2515"]

1.d4 Nf6 2.c4 g6 3.Nc3 Bg7 4.e4 d6 5.f3 O-O 6.Be3 c5 7.dxc5 dxc5 8.Qxd8 Rxd8
9.Bxc5 Nc6 10.Ba3 a5 11.Nd5 Nxd5 12.cxd5 Nb4 13.Rd1 e6 14.Bc4 exd5 15.exd5 Nc2+
16.Kf2 Nxa3 17.bxa3 Bd7 18.Ne2 Rac8 19.Bd3 Ba4 20.Rc1 Rxc1 21.Rxc1 Rxd5 22.Rc8+ Bf8
23.Ke3 Rc5 24.Rb8 Rc7 25.Be4 Kg7 26.Rxb7 Rxb7 27.Bxb7 Bxa3 28.Bd5 Bc5+ 29.Kd3 f5
30.Nd4 Kf6 31.f4 Bd6 32.g3 g5 33.fxg5+ Kxg5 34.Be6 f4 35.h4+ Kf6 36.g4 f3
37.Bb3 f2 38.Ke2 Bd7 39.g5+ Ke5 40.Nf3+ Kf4 41.Kxf2 Bc5+ 42.Kg2 Bc6 43.Bd1 a4
44.h5 a3 45.g6 hxg6 46.hxg6 Bd5 47.Kf1 Bxa2 48.Ne1 Bc4+ 49.Be2 a2 50.Nc2 Bb3
51.Na1 Bd5 52.Bd1 Bd4 53.Bb3 Bxb3 54.Nxb3 Ke4 55.Ke2 Kd5 56.Kd3 Bg7 57.Kc2 Kc4  0-1

[Event "URS Army-ch"]
[Site "Tashkent"]
[Date "1987.??.??"]
[Round "?"]
[White "Shabalov, Alexander"]
[Black "Khalifman, Alexander"]
[Result "1-0"]
[WhiteElo "2375"]
[BlackElo "2515"]

1.d4 d5 2.c4 c6 3.cxd5 cxd5 4.Nc3 Nf6 5.Nf3 Nc6 6.Bf4 Bf5 7.e3 e6 8.Bb5 Nd7
9.Qa4 Rc8 10.O-O a6 11.Bxc6 Rxc6 12.Rfc1 Be7 13.Nd1 b5 14.Qb3 Qc8 15.e4 Bxe4
16.Rxc6 Qxc6 17.Rc1 Qa8 18.a4 Bxf3 19.gxf3 O-O 20.axb5 axb5 21.Rc7 Qd8 22.Qxb5 Nf6
23.Qc6 Nh5 24.Bd2 Bg5 25.Bb4 Bf4 26.Ra7 Qg5+ 27.Kf1 Rb8 28.Ra8 Qd8 29.Ba5 Qf8
30.Rxb8 Qxb8 31.b4 Bd2 32.Bc7 Qc8 33.b5 Nf4 34.Qa6  1-0

[Event "URS Army-ch"]
[Site "Tashkent"]
[Date "1987.??.??"]
[Round "?"]
[White "Krasenkow, Michal"]
[Black "Khalifman, Alexander"]
[Result "1/2-1/2"]
[WhiteElo "2420"]
[BlackElo "2515"]

1.d4 d5 2.c4 e6 3.Nc3 Be7 4.Nf3 Nf6 5.Bg5 h6 6.Bxf6 Bxf6 7.e3 O-O 8.Rc1 c6
9.Bd3 Nd7 10.O-O dxc4 11.Bxc4 e5 12.h3 exd4 13.exd4 Nb6 14.Bb3 Bf5 15.Re1 a5
16.a3 Re8 17.Rxe8+ Qxe8 18.Qd2 Qd7 19.Re1 Re8 20.Rxe8+ Qxe8 21.Qf4 Be6 22.Bxe6 Qxe6
23.Qc7 Nc4 24.Qxb7 Bxd4 25.Nxd4  1/2-1/2

[Event "URS Army-ch"]
[Site "Tashkent"]
[Date "1987.??.??"]
[Round "?"]
[White "Chekhov, Valery A"]
[Black "Khalifman, Alexander"]
[Result "1/2-1/2"]
[WhiteElo "2500"]
[BlackElo "2515"]

1.d4 d5 2.c4 c6 3.Nc3 Nf6 4.e3 Bg4 5.f3 Bc8 6.cxd5 cxd5 7.e4 e6 8.e5 Ng8
9.f4 Nc6 10.Be3 Nh6 11.Nf3 Nf5 12.Bf2 Be7 13.g3 h5 14.Bd3 g6 15.a3 a5 16.Kf1 Bd7
17.Rc1 Kf8 18.Kg2 Kg7 19.h3 Nh6 20.Na4 b6 21.Nc3 Na7 22.Qe2 Rb8 23.Nb5  1/2-1/2

[Event "Tashkent"]
[Site "Tashkent"]
[Date "1987.??.??"]
[Round "?"]
[White "Yermolinsky, Alex"]
[Black "Khalifman, Alexander"]
[Result "0-1"]
[WhiteElo "2445"]
[BlackElo "2520"]

1.d4 Nf6 2.c4 e6 3.g3 d5 4.Nf3 dxc4 5.Bg2 c5 6.O-O Nc6 7.Qa4 Bd7 8.dxc5 Na5
9.Qc2 Bxc5 10.Ne5 O-O 11.Rd1 h6 12.Nc3 Qe7 13.Nxd7 Nxd7 14.Qa4 Nc6 15.Qxc4 Nde5
16.Qa4 Rad8 17.Bf4 Ng4 18.Ne4 e5 19.Bg5 hxg5 20.Nxc5 Nd4 21.Ne4 Nxe2+ 22.Kh1 Nd4
23.h3 b5 24.Qa6 f5 25.hxg4 fxe4 26.Qg6 Rxf2 27.Qxe4 Re2 28.Qb7 Qxb7 29.Bxb7 Rxb2
30.Re1 Ne2 31.Bf3 Nxg3+ 32.Kg1 Rd3 33.Bg2 Ne2+ 34.Kh1 Rd6 35.Bf3 Rh6+ 36.Kg2 Nf4+
37.Kf1 Rh3 38.Bb7 Rhh2 39.Re3 Rbf2+ 40.Ke1 Re2+ 41.Rxe2 Rxe2+ 42.Kf1 e4 43.Ba6 Rh2
44.Kg1 Rg2+ 45.Kh1 Rb2  0-1

[Event "Tashkent"]
[Site "Tashkent"]
[Date "1987.??.??"]
[Round "?"]
[White "Tseshkovsky, Vitaly"]
[Black "Khalifman, Alexander"]
[Result "1-0"]
[WhiteElo "2485"]
[BlackElo "2520"]

1.e4 c6 2.d4 d5 3.Nd2 dxe4 4.Nxe4 Nd7 5.Ng5 Ngf6 6.Bd3 c5 7.N1f3 cxd4 8.O-O h6
9.Ne6 Qb6 10.Re1 Nc5 11.Nxc5 Qxc5 12.Nxd4 a6 13.c3 e6 14.Bf4 Be7 15.Bc2 Bd7
16.Nf5 Bc6 17.Re5 Qb6 18.Nxg7+ Kf8 19.Nf5 exf5 20.Rxe7 Nd5 21.Rxf7+ Kxf7
22.Qh5+ Ke7 23.Re1+ Kd8 24.Qh4+ Kc8 25.Bxf5+ Bd7 26.Bxd7+ Kxd7 27.Qg4+ Kd8
28.Rd1 Qc6 29.Qf5 Ke7 30.Rxd5 Raf8 31.Qe4+ Kf7 32.Bd6  1-0

[Event "Tashkent"]
[Site "Tashkent"]
[Date "1987.??.??"]
[Round "?"]
[White "Timoshchenko, Gennadi A"]
[Black "Khalifman, Alexander"]
[Result "1/2-1/2"]
[WhiteElo "2495"]
[BlackElo "2520"]

1.d4 Nf6 2.c4 e6 3.Nf3 b6 4.g3 Ba6 5.b3 d5 6.cxd5 exd5 7.Bg2 Bd6 8.O-O O-O
9.Nc3 Nbd7 10.Re1 Re8 11.Bf4 Qe7 12.Bxd6 Qxd6 13.Nh4 Ne4 14.Rc1 Ndf6 15.e3 Rad8
16.Qc2 c5 17.dxc5 Nxc5 18.Red1 Qe5 19.Nf3 Qh5 20.Rd4 Rc8 21.Qd1 Bb7 22.Nh4 Qxd1+
23.Rdxd1 Nce4 24.Nxe4 Nxe4 25.Rxc8 Rxc8 26.Bxe4 dxe4 27.Nf5 Kf8 28.Nd6 Rd8
29.Rd4 Bc6 30.Rd2 Rb8 31.Rd4 Rd8 32.Rd2 Rb8 33.Rd4  1/2-1/2

[Event "Tashkent"]
[Site "Tashkent"]
[Date "1987.??.??"]
[Round "?"]
[White "Nenashev, Alexander"]
[Black "Khalifman, Alexander"]
[Result "0-1"]
[WhiteElo "2415"]
[BlackElo "2520"]

1.d4 Nf6 2.c4 g6 3.g3 Bg7 4.Bg2 c5 5.Nf3 cxd4 6.Nxd4 O-O 7.Nc3 Nc6 8.Nc2 d6
9.b3 Qa5 10.Bd2 Qh5 11.h3 Ne5 12.Rc1 Rb8 13.Be3 b6 14.f4 Bb7 15.Nd5 Nxd5
16.cxd5 Nd7 17.Bf3 Qf5 18.Nd4 Bxd4 19.Qxd4 Rfc8 20.Rxc8+ Rxc8 21.Kf2 Qc2
22.Qa1 Nc5 23.Rd1 Ba6 24.Ke1 Qf5 25.g4 Qf6 26.Qd4 Qh4+ 27.Kd2 Bb7 28.Bf2 Qh6
29.g5 Qf8 30.b4 e5 31.fxe5 dxe5 32.Qxe5 Nd7 33.Qd4 Qe7 34.h4 Ne5 35.Bg2 Rc4
36.Qb2 Rg4  0-1

[Event "URS Army-ch"]
[Site "Tashkent"]
[Date "1987.??.??"]
[Round "?"]
[White "Klovans, Janis"]
[Black "Khalifman, Alexander"]
[Result "1-0"]
[WhiteElo "2420"]
[BlackElo "2515"]

1.e4 c6 2.d4 d5 3.Nd2 dxe4 4.Nxe4 Nd7 5.Bc4 Ngf6 6.Ng5 e6 7.Qe2 Nb6 8.Bd3 h6
9.N5f3 c5 10.dxc5 Bxc5 11.Ne5 Nbd7 12.Ngf3 Nxe5 13.Nxe5 O-O 14.O-O b6 15.b4 Bd6
16.Bb2 Bb7 17.Rfd1 Qe7 18.b5 Rac8 19.a4 Nd5 20.c4 Nf4 21.Qg4 g5 22.Bf1 f6
23.Nc6 Bxc6 24.bxc6 f5 25.Qf3 Ng6 26.c5 bxc5 27.Bc4 Be5 28.Re1 Qf6 29.Rxe5 Nxe5
30.Qe2 Rxc6 31.Bxe5 Qe7 32.Re1 Kh7 33.Bc3 Qf7 34.Bxe6 Qg6 35.Bd5 Rc7 36.Qe7+  1-0

[Event "Tashkent"]
[Site "Tashkent"]
[Date "1987.??.??"]
[Round "?"]
[White "Khalifman, Alexander"]
[Black "Ziatdinov, Raset"]
[Result "1-0"]
[WhiteElo "2520"]
[BlackElo "2365"]

1.e4 e5 2.Nf3 Nc6 3.Bb5 a6 4.Ba4 Nf6 5.O-O Be7 6.Re1 b5 7.Bb3 d6 8.c3 O-O
9.d4 Bg4 10.d5 Na5 11.Bc2 c5 12.Nbd2 c4 13.b4 cxb3 14.axb3 Qc7 15.Nf1 Nb7
16.Bd2 Nc5 17.b4 Ncd7 18.h3 Bh5 19.Ng3 Bg6 20.Nh4 Nb6 21.Nhf5 Bd8 22.Bd3 Nfd7
23.Qg4 Bf6 24.Ne3 Na4 25.Ra2 Ndb6 26.Rc1 Rfc8 27.c4 Qd8 28.cxb5 Rxc1+ 29.Bxc1 Nc3
30.Rxa6 Ncxd5 31.Nxd5 Nxd5 32.Bd2 Rb8 33.Nh5 h6 34.Bc4 Nc7 35.Qxg6 d5 36.Nxf6+  1-0

[Event "Tashkent"]
[Site "Tashkent"]
[Date "1987.??.??"]
[Round "?"]
[White "Khalifman, Alexander"]
[Black "Vakhidov, Tahir"]
[Result "1-0"]
[WhiteElo "2520"]
[BlackElo "2275"]

1.d4 Nf6 2.c4 g6 3.Nc3 d5 4.Nf3 Bg7 5.cxd5 Nxd5 6.e4 Nxc3 7.bxc3 c5 8.Rb1 O-O
9.Be2 Bg4 10.O-O cxd4 11.cxd4 Bxf3 12.Bxf3 Bxd4 13.Rxb7 Nc6 14.Qa4 Qd6 15.Rb5 Be5
16.Rd5 Qf6 17.Be3 Rfc8 18.Be2 Bd6 19.Rc1 a5 20.g3 Nb4 21.Rxc8+ Rxc8 22.Rxa5 Nc2
23.Bh6 Nd4 24.Bg4 Nf3+ 25.Bxf3 Qxf3 26.Ra8 Bb8 27.Qd4 e5 28.Qxe5  1-0

[Event "Tashkent"]
[Site "Tashkent"]
[Date "1987.??.??"]
[Round "?"]
[White "Khalifman, Alexander"]
[Black "Loginov, Valery A"]
[Result "0-1"]
[WhiteElo "2520"]
[BlackElo "2355"]

1.e4 c5 2.Nf3 d6 3.d4 cxd4 4.Nxd4 Nf6 5.Nc3 a6 6.Be2 e5 7.Nb3 Be7 8.O-O O-O
9.Be3 Be6 10.Qd2 Nc6 11.Rfd1 a5 12.a3 a4 13.Nc1 Qc8 14.N1a2 Rd8 15.Bf3 h6
16.Qe2 Rd7 17.h3 Bd8 18.Bg4 Nxg4 19.hxg4 Bg5 20.f3 Nd4 21.Rxd4 Bxe3+ 22.Qxe3 exd4
23.Qxd4 Bxa2 24.Rxa2 Ra5 25.Ra1 h5 26.gxh5 Rxh5 27.Rd1 b5 28.Qf2 Qe8 29.g4 Rh6
30.Nxb5 Qe5 31.Nd4 g6 32.c3 Rb7 33.Rd2 Qf4 34.Rc2 Rh3 35.Qf1 Qg3+  0-1

[Event "Tashkent"]
[Site "Tashkent"]
[Date "1987.??.??"]
[Round "?"]
[White "Khalifman, Alexander"]
[Black "Kuzmin, Alexey"]
[Result "1-0"]
[WhiteElo "2520"]
[BlackElo "2415"]

1.e4 e5 2.Nf3 Nc6 3.Bb5 a6 4.Ba4 Nf6 5.O-O Be7 6.Re1 b5 7.Bb3 O-O 8.d4 d6
9.c3 Bg4 10.d5 Na5 11.Bc2 c6 12.h3 Bh5 13.dxc6 Qc7 14.Nbd2 Nxc6 15.Nf1 Rad8
16.Ne3 d5 17.Nxd5 Nxd5 18.exd5 f5 19.Bb3 Kh8 20.Qc2 Bxf3 21.gxf3 Na5 22.Qe2 Bd6
23.Bd2 Qf7 24.f4 e4 25.Kh1 Nxb3 26.axb3 Qxd5 27.Be3 Qc6 28.Rg1 Bc7 29.Rg5 Rd7
30.Rag1 Bd8 31.R5g2 Qh6 32.Kh2 Qh4 33.Rd1 Rxd1 34.Qxd1 Bc7 35.Qd7 Bxf4+ 36.Kg1 Be5
37.Rg5 Qxh3 38.Bf4 Qh4 39.Qe7 Rg8 40.Bxe5  1-0

[Event "Tashkent"]
[Site "Tashkent"]
[Date "1987.??.??"]
[Round "?"]
[White "Epishin, Vladimir"]
[Black "Khalifman, Alexander"]
[Result "1/2-1/2"]
[WhiteElo "2430"]
[BlackElo "2520"]

1.d4 Nf6 2.c4 c6 3.Nf3 d5 4.e3 Bf5 5.Nc3 e6 6.Nh4 Bg6 7.Qb3 Qb6 8.Nxg6 hxg6
9.Qc2 Nbd7 10.Bd2 Qc7 11.g3 Be7 12.b3 Rc8 13.Qd3 e5 14.Bg2 e4 15.Qe2 Nf8
16.f4 Qd7 17.c5 Ne6 18.h4  1/2-1/2

[Event "URS Army-ch"]
[Site "Tashkent"]
[Date "1987.??.??"]
[Round "?"]
[White "Khalifman, Alexander"]
[Black "Pigusov, Evgeny"]
[Result "1/2-1/2"]
[WhiteElo "2560"]
[BlackElo "2545"]

1.e4 c5 2.Nf3 Nc6 3.d4 cxd4 4.Nxd4 g6 5.Nc3 Bg7 6.Be3 Nf6 7.Bc4 O-O 8.Bb3 a5
9.f3 d5 10.Bxd5 Nxd5 11.Nxd5 f5 12.Nxc6 bxc6 13.Nb6 Rb8 14.Qxd8 Rxd8  1/2-1/2